[Event "Tatry Open"]
[Site "Tatranske Zruby SVK"]
[Date "2000.10.15"]
[Round "9"]
[White "Hasangatin,R"]
[Black "Vavra,P1"]
[Result "1/2-1/2"]
[WhiteElo "2480"]
[BlackElo "2393"]

1.e4 c5 2.Nf3 Nc6 3.Bb5 g6 4.O-O Bg7 5.Re1 Nf6 6.e5 Nd5 7.Nc3 Nc7 8.Bxc6 dxc6
9.Ne4 b6 10.Nf6+ Kf8 11.Ne4 h6 12.d3 Ne6 13.h3 Nd4 14.Bf4 Qd5 15.Ned2 Kg8
16.b3 Kh7 17.a4 Rd8 18.Bg3 Nf5 19.Bh2 b5 20.Qe2 Be6 21.Red1 a6 22.Qe1 Nd4
23.Nxd4 cxd4 24.Qe2 c5 25.Ra2  1/2-1/2

[Event "It"]
[Site "Alushta UKR"]
[Date "2000.10.18"]
[Round "4"]
[White "Miroshnichenko,E"]
[Black "Kalygin,S"]
[Result "1-0"]
[WhiteElo "2509"]
[BlackElo "2472"]

1.e4 c5 2.Nf3 Nc6 3.Bb5 g6 4.Bxc6 dxc6 5.h3 e5 6.d3 f6 7.Be3 Nh6 8.a4 a5
9.Na3 Be6 10.Nd2 Qc7 11.Nac4 Nf7 12.Qe2 b6 13.O-O g5 14.c3 Rd8 15.b4 axb4
16.cxb4 b5 17.axb5 cxb5 18.Na3 cxb4 19.Nxb5 Qb7 20.d4 Bd7 21.Ra5 Rb8 22.Na7 Be7
23.d5 b3 24.Rb1 Qc7 25.Rxb3 Rxb3 26.Nxb3 Qc3 27.Qa2 Qe1+ 28.Kh2 g4 29.Nc6 g3+
30.fxg3 Qxe3 31.Nxe7 Kxe7 32.Qa3+ Ke8 33.Ra8+ Nd8 34.Qa5 Ke7 35.d6+ Kxd6
36.Ra7 Ke7 37.Nc5 Kf7 38.Nxd7 Kg6 39.Nxe5+ fxe5 40.Qa6+ Kg5 41.Rg7+  1-0

[Event "IV Copa Itau"]
[Site "Sao Paulo BRA"]
[Date "2000.10.18"]
[Round "3"]
[White "Pereira,Jor"]
[Black "Pelikian,J"]
[Result "0-1"]
[WhiteElo "2124"]
[BlackElo "2394"]

1.e4 c5 2.Nf3 Nc6 3.Bb5 g6 4.O-O Bg7 5.Re1 Nf6 6.c3 O-O 7.d3 d6 8.Nbd2 Qc7
9.Qc2 a6 10.Bxc6 Qxc6 11.Nf1 b5 12.a4 Bb7 13.Ne3 Rfe8 14.Bd2 c4 15.axb5 axb5
16.Nd4 cxd3 17.Qxd3 Qxe4 18.Qxb5 Rxa1 19.Rxa1 Bh6 20.Nf3 Bc6 21.Qc4 Bxe3
22.Qxe4 Bxf2+ 23.Kxf2 Nxe4+ 24.Ke3 Nxd2 25.Kxd2 Bxf3 26.gxf3 f5 27.b4 Kf7
28.c4 g5 29.Ke3 h5 30.h3 Kf6 31.Kd4 e6 32.b5 g4 33.fxg4 hxg4 34.hxg4 fxg4
35.Rh1 Kg5 36.Re1 g3 37.Ke3 Kg4 38.Rd1 Rf8 39.b6 g2 40.b7 Kg3  0-1

[Event "ch-ARG"]
[Site "Buenos Aires ARG"]
[Date "2000.10.19"]
[Round "9"]
[White "Rosito,J"]
[Black "Felgaer,R"]
[Result "1/2-1/2"]
[WhiteElo "2354"]
[BlackElo "2390"]

1.e4 c5 2.Nf3 Nc6 3.Bb5 d6 4.O-O Bd7 5.c3 Nf6 6.d4 Nxe4 7.d5 Ne5 8.Bxd7+ Qxd7
9.Re1 Nxf3+ 10.Qxf3 Nf6 11.c4 e5 12.dxe6 fxe6 13.Qh3 e5 14.Qd3 O-O-O 15.Bg5 d5
16.cxd5 Qxd5 17.Qxd5 Rxd5 18.Nc3 Rd7 19.Rxe5 Bd6 20.Re6 Re8 21.Rae1 Rxe6
22.Rxe6 Re7  1/2-1/2

[Event "It"]
[Site "Alushta UKR"]
[Date "2000.10.20"]
[Round "6"]
[White "Miroshnichenko,E"]
[Black "Shalimov,V UKR"]
[Result "0-1"]
[WhiteElo "2509"]
[BlackElo "2406"]

1.e4 c5 2.Nf3 Nc6 3.Bb5 g6 4.Bxc6 bxc6 5.O-O Bg7 6.Re1 Nh6 7.c3 d6 8.d4 cxd4
9.cxd4 O-O 10.Nc3 f6 11.b3 Nf7 12.Bb2 Bd7 13.h3 e5 14.Qc2 exd4 15.Nxd4 f5
16.Rad1 f4 17.Nf3 Qe7 18.Ne2 Ne5 19.Nxe5 dxe5 20.Ba3 Qxa3 21.Rxd7 f3 22.Ng3 fxg2
23.Kxg2 Rf6 24.Re2 Bf8 25.Qc4+ Kh8 26.Rc2 Rc8 27.Nf1 Bg7 28.Nh2 a5 29.Ng4 Rf4
30.Qe6 Qb4 31.Re2 Qf8 32.Nxe5 Re8 33.Nf7+ Kg8 34.Qc4 Rxf7  0-1

[Event "22nd Open"]
[Site "Arco ITA"]
[Date "2000.10.21"]
[Round "1"]
[White "Jens,J"]
[Black "Molzahn,N"]
[Result "1-0"]
[WhiteElo "2280"]
[BlackElo "2064"]

1.e4 c5 2.Nf3 Nc6 3.Bb5 g6 4.O-O Bg7 5.c3 Nf6 6.Re1 O-O 7.d4 cxd4 8.cxd4 d5
9.e5 Ne4 10.Nc3 Nxc3 11.bxc3 Qa5 12.a4 Bg4 13.Re3 Rac8 14.h3 Bd7 15.Bd2 Qc7
16.Ng5 e6 17.h4 Na5 18.Bd3 Nc4 19.Bxc4 Qxc4 20.h5 Rc6 21.Rh3 Ra6 22.hxg6 hxg6
23.Qg4 Rxa4 24.Rxa4 Qxa4 25.Nh7 Rc8 26.Nf6+ Kf8 27.Rh7 Qb5 28.Qh4  1-0

[Event "Tch-AUT 2000-01"]
[Site "Maierhofen/Zillertal AUT"]
[Date "2000.10.21"]
[Round "1"]
[White "Baumegger,S"]
[Black "Weissenbeck,M"]
[Result "1/2-1/2"]
[WhiteElo "2393"]
[BlackElo "2240"]

1.e4 c5 2.Nf3 Nc6 3.Bb5 g6 4.O-O Bg7 5.Re1 e5 6.c3 Nge7 7.d4 cxd4 8.cxd4 Nxd4
9.Nxd4 exd4 10.Bf4 O-O 11.Bd6 Re8 12.Na3 a6 13.Bc4 b5 14.Bb3 Bb7 15.Qf3 Nf5
16.Bxf7+ Kxf7 17.Qb3+ Re6 18.exf5 gxf5 19.Be5 Qg5 20.g3 Re8 21.Nc2 Be4 22.f4 Bxc2
23.Qxc2 Qh5 24.Qb3 Kg6 25.Qb4 Bf8 26.Qa5 Bc5 27.Qc7 Bb6 28.Qxd7 R8e7 29.Qc8 Re8
30.Qb7 R8e7 31.Qc8 Kf7 32.Kg2 Rh6 33.h4 Rg6 34.Qa8 Rxg3+ 35.Kxg3 Qg4+ 36.Kh2 Qxh4+
37.Kg2 Qg4+ 38.Kh2 Qh4+ 39.Kg2  1/2-1/2

[Event "Tch-AUT 2000-01"]
[Site "Maierhofen/Zillertal AUT"]
[Date "2000.10.21"]
[Round "1"]
[White "Niedermayr,H"]
[Black "Vokroj,R"]
[Result "0-1"]
[WhiteElo "2216"]
[BlackElo "2330"]

1.e4 c5 2.Nf3 Nc6 3.Bb5 g6 4.O-O Bg7 5.c3 e5 6.Re1 Nge7 7.d3 a6 8.Bc4 b5
9.Bd5 O-O 10.Bg5 h6 11.Bxe7 Qxe7 12.Nbd2 Rb8 13.a4 Qd6 14.axb5 axb5 15.Nf1 Kh8
16.Qe2 Ne7 17.Bb3 Bb7 18.Ng3 Qc7 19.h4 Rbe8 20.h5 g5 21.Nd2 f5 22.c4 f4 23.Ngf1 b4
24.Nh2 Nc6 25.Ndf3 Bc8 26.Ba4 Ne7 27.Bb5 Ng8 28.Nd2 Rd8 29.Ra4 Nf6 30.Rea1 Qd6
31.Nb3 Rf7 32.Ba6 Bf8 33.Bxc8 Rxc8 34.Ra6 Rc6 35.Ra8 Qe6 36.Rd8 Kg7 37.Raa8 Be7
38.Rdb8 Ra6 39.Rxa6 Qxa6 40.Rb5 d6 41.Ra5 Qc8 42.Ra7 Kh7 43.Qd1 g4 44.Qa1 Nxh5
45.Nf1 Nf6 46.Ra8 Qe6 47.Qa6 Nd7 48.Qc6 Bf8 49.Qc8 h5 50.Ra6 Qg6 51.Qd8 Nf6
52.Qc8 h4 53.Nfd2 f3 54.Qf5 Qxf5 55.exf5 fxg2 56.Kxg2 Nh5 57.Ne4 Rxf5 58.Nxd6 Bxd6
59.Rxd6 Rf3 60.Nxc5 Nf4+ 61.Kf1 h3 62.Ne4 h2 63.Rd7+ Kh6 64.Rd6+ Kh5  0-1

[Event "Tch-AUT 2000-01"]
[Site "Maierhofen/Zillertal AUT"]
[Date "2000.10.22"]
[Round "2"]
[White "Lendwai,R"]
[Black "Volke,K"]
[Result "1/2-1/2"]
[WhiteElo "2378"]
[BlackElo "2476"]

1.e4 c5 2.Nf3 Nc6 3.Bb5 e6 4.Bxc6 bxc6 5.O-O f6 6.Re1 Nh6 7.d4 Nf7 8.c4 cxd4
9.Nxd4 c5 10.Nf3 Bd6 11.Nc3 O-O 12.Nb5 Be7 13.Bf4 d6 14.b3 Bb7 15.Qe2 Qb6
16.Rad1 Rad8 17.Nd2 Rfe8 18.Nf1 Bf8 19.Qc2 Rd7 20.Ng3 Ne5 21.Bc1 Nc6 22.Bb2 Red8
23.Nc3 Nd4 24.Qd3 Qa6 25.Nge2 d5 26.exd5 exd5 27.Nxd5 Bxd5 28.cxd5 Nxe2+
29.Qxe2 Qxe2 30.Rxe2 Rxd5 31.Rxd5 Rxd5 32.g3 Kf7 33.Bc3 Rd3 34.Bd2 Bd6 35.Be3 Rc3
36.Kf1 a6 37.Ke1 c4 38.bxc4 Rxc4 39.Kd1 h5 40.Rb2 Ra4 41.h4 Be5 42.Rc2 Ke6
43.Ke2 Kd5 44.Rc5+ Ke6 45.Rc2 Kf5 46.Kf3 Ra3 47.Rd2 Rc3 48.Rd7 g6 49.Rd5 Ra3
50.Rd2 Bc3 51.Rd3 Bb2 52.Rxa3 Bxa3 53.Bd4 g5 54.hxg5 fxg5 55.Bb6 Ke5 56.Ke2 Be7
57.f3 Kd5 58.Kd3 Bf6 59.Be3 Bd8 60.Bd2 Bc7 61.g4 hxg4  1/2-1/2

[Event "Monarch Assurance Open"]
[Site "Port Erin IOM"]
[Date "2000.10.22"]
[Round "9"]
[White "Bergstrom,R"]
[Black "Akesson,R"]
[Result "1-0"]
[WhiteElo "2308"]
[BlackElo "2486"]

1.e4 c5 2.Nf3 Nc6 3.Bb5 g6 4.Bxc6 bxc6 5.O-O Bg7 6.Re1 Nh6 7.c3 O-O 8.d4 cxd4
9.cxd4 d6 10.Nc3 Rb8 11.h3 f6 12.b3 Nf7 13.Bb2 Bb7 14.Rc1 Qa5 15.Rc2 Qh5
16.Qd3 Qa5 17.Rce2 Rfd8 18.Nd2 Bc8 19.Nc4 Qc7 20.Ne3 Rb6 21.Rc2 Ba6 22.Qd1 Qd7
23.f4 e5 24.fxe5 fxe5 25.d5 c5 26.Bc1 Rb4 27.Rf2 Rd4 28.Qg4 Qc7 29.Ne2 Bc8
30.Qh4 g5 31.Rxf7 Qxf7 32.Qxg5 Rf8 33.Rf1 Qxf1+ 34.Nxf1 Rd1 35.Ng3 Ba6 36.Nf5 Rxf1+
37.Kh2 R8xf5  1-0

[Event "1st It A"]
[Site "Salou ESP"]
[Date "2000.10.24"]
[Round "8"]
[White "Hamdouchi,H"]
[Black "Montell Lorenzo,J"]
[Result "1-0"]
[WhiteElo "2541"]
[BlackElo "2327"]

1.e4 c5 2.Nf3 Nc6 3.Bb5 e6 4.Bxc6 bxc6 5.d3 d5 6.c4 Nf6 7.Nc3 Be7 8.O-O O-O
9.b3 Qc7 10.e5 Nd7 11.Bf4 f6 12.exf6 Qxf4 13.fxe7 Re8 14.Re1 Qf6 15.Rc1 Rxe7
16.Na4 d4 17.Nd2 Rf7 18.Ne4 Qf4 19.Qd2 Qf5 20.Nd6 Qf4 21.Qxf4 Rxf4 22.Rxe6  1-0

[Event "1st It B"]
[Site "Salou ESP"]
[Date "2000.10.25"]
[Round "10"]
[White "Fernandez Fuentes,F"]
[Black "Plachkinova,T"]
[Result "0-1"]
[WhiteElo "2101"]
[BlackElo "2171"]

1.e4 c5 2.Nf3 Nc6 3.Bb5 e6 4.Bxc6 bxc6 5.O-O Ne7 6.e5 f6 7.d4 cxd4 8.Qxd4 fxe5
9.Nxe5 Nf5 10.Qe4 Be7 11.Rd1 Qb6 12.Nd2 O-O 13.Ndc4 Qc7 14.Qe1 d5 15.Qa5 Bd8  0-1

[Event "22nd Open"]
[Site "Arco ITA"]
[Date "2000.10.26"]
[Round "6"]
[White "Carli,C"]
[Black "Cocchi,A"]
[Result "0-1"]
[WhiteElo "2117"]
[BlackElo "2261"]

1.e4 c5 2.Nf3 Nc6 3.Bb5 Qc7 4.O-O e6 5.Re1 a6 6.Bf1 Nf6 7.c3 Be7 8.d4 cxd4
9.cxd4 d6 10.Nc3 b5 11.e5 dxe5 12.dxe5 Nd7 13.Bf4 O-O 14.Rc1 Rd8 15.Qc2 Nb4
16.Qb1 Qb6 17.Bg5 f6 18.exf6 gxf6 19.Be3 Qb7 20.a3 Nc6 21.Bd3 f5 22.Bg5 Nde5
23.Nxe5 Bxg5 24.Nxc6 Qxc6 25.Rcd1 Bb7 26.Bf1 Bd2 27.Re2 Bf4 28.Ree1 Kf7 29.Rd3 Rg8
30.f3 Rad8 31.Red1 Rxd3 32.Qxd3 Qc5+ 33.Kh1 Bc6 34.Ne2 Be5 35.Nc3 Qf2 36.Qe2 Qxe2
37.Bxe2 Ke7 38.g3 Rb8 39.Rd2 a5 40.Kg1 b4 41.axb4 axb4 42.Nd1 Ra8 43.f4 Bd6
44.Bc4 Ra1 45.Kf1 Bf3 46.Be2 Bd5 47.Rc2 Be4 48.Rc8 e5 49.fxe5 Bxe5 50.Rc4 b3
51.Kf2 Rb1 52.Nc3 Bxc3 53.bxc3 Rc1 54.Rb4 Rxc3 55.Ke1 Kd6 56.Bd1 Bc2 57.Be2 Be4
58.Bd1 Bc2 59.Be2 Kc5 60.Rb5+ Kd4 61.Kd2 Rc7 62.Rb4+ Kd5 63.Bd3 Rd7 64.Rb8 Ke6
65.Re8+ Kf6 66.Re3 Bxd3 67.Rxd3 Rxd3+ 68.Kxd3 Kg5 69.h3 h5 70.Kc3 h4 71.gxh4+ Kxh4
72.Kxb3 Kxh3 73.Kc3 f4 74.Kd3 Kg2  0-1

[Event "22nd Open"]
[Site "Arco ITA"]
[Date "2000.10.28"]
[Round "8"]
[White "Carli,C"]
[Black "Antoniacci,R"]
[Result "1/2-1/2"]
[WhiteElo "2117"]
[BlackElo "2065"]

1.e4 c5 2.Nf3 Nc6 3.Bb5 e6 4.O-O Nge7 5.c3 a6 6.Bxc6 Nxc6 7.d4 Qc7 8.d5 Ne5
9.a4 Nxf3+ 10.Qxf3 Bd6 11.Qg4 Bxh2+ 12.Kh1 Be5 13.f4 h5 14.Qg3 h4 15.Qg4 h3
16.fxe5 hxg2+ 17.Kxg2 Qxe5 18.Qf4 Qh5 19.Kf2 Rh6 20.Qg5 Rf6+ 21.Ke1 Rxf1+
22.Kxf1 Qf3+ 23.Kg1 Qxe4 24.dxe6 dxe6 25.Be3 f6 26.Qh5+ Kd7 27.Kf2 b6 28.Nd2 Qf5+
29.Qxf5 exf5 30.a5 Kc6 31.axb6 Be6 32.Ra5 Kxb6 33.Rxc5 Kb7 34.Nc4 Bxc4 35.Rxc4 Rh8
36.b4 g5 37.Bd4 Rh4 38.Rc5 Rf4+ 39.Kg3 Rg4+ 40.Kf3 Rf4+ 41.Ke3 Rf1 42.Bxf6 g4
43.Be5 Rf3+ 44.Ke2 f4 45.Bd4 Rh3 46.Rg5 Rh2+ 47.Kf1 Rh4 48.Be5 g3 49.Rf5 Rh1+
50.Ke2 g2 51.Bd4 g1=Q 52.Bxg1 Rxg1 53.Rxf4 Rg3 54.Rf3 Rg7 55.Kd3 Rc7 56.Kd4 Kb6
57.Rf6+ Kb7 58.c4 Rd7+ 59.Kc3 Rd1 60.Re6 Rd7 61.Kb3 Rd1 62.Kc3 Rd7 63.c5 Rd1
64.Rb6+ Ka7 65.Kc4 Rd2 66.Rd6 Rc2+ 67.Kd5 Rb2 68.Rd7+ Kb8 69.Kc4 Rc2+ 70.Kb3 Rc1  1/2-1/2

[Event "4th OIBM"]
[Site "Bad Wiessee GER"]
[Date "2000.10.29"]
[Round "2"]
[White "Kalinitschew,S"]
[Black "Bartels,Ho"]
[Result "1-0"]
[WhiteElo "2491"]
[BlackElo "2170"]

1.e4 c5 2.Nf3 Nc6 3.Bb5 e6 4.O-O Nge7 5.Re1 g6 6.c3 Bg7 7.d4 cxd4 8.cxd4 d5
9.Bxc6+ bxc6 10.e5 O-O 11.Nc3 Qc7 12.Na4 Bb7 13.b3 Rfe8 14.Bg5 Nc8 15.Qd2 Nb6
16.Nc5 a5 17.Bh6 a4 18.b4 Ba6 19.a3 Bb5 20.h4 Nd7 21.Nxd7 Qxd7 22.Nh2 Qe7
23.Bxg7 Kxg7 24.Ng4 Qxh4 25.Nf6 Rh8 26.Re3 Qg5 27.Qc3 Bc4 28.Rg3 Qf5 29.Qd2 h6
30.Rc1 Ra7 31.Rh3 g5 32.Re1 Kf8 33.g4 Qg6 34.Rf3 Ke7 35.b5 Bxb5 36.Qb4+ Kd8
37.Rc1 Rb7 38.Qa5+ Ke7 39.Qb4+ Kd8 40.Rfc3 Rb8 41.Qd6+  1-0

[Event "4th OIBM"]
[Site "Bad Wiessee GER"]
[Date "2000.10.29"]
[Round "2"]
[White "Grund,H"]
[Black "Pitl,G"]
[Result "1-0"]
[WhiteElo "2475"]
[BlackElo "2163"]

1.e4 c5 2.Nf3 Nc6 3.Bb5 a6 4.Bxc6 dxc6 5.h3 e5 6.d3 Qc7 7.Nbd2 f6 8.Nc4 Be6
9.Qe2 b6 10.Be3 g5 11.Nfd2 h5 12.h4 g4 13.O-O Bh6 14.c3 a5 15.a4 Rd8 16.b4 axb4
17.cxb4 b5 18.axb5 cxb5 19.Na5 cxb4 20.Rfc1 Qd6 21.d4 exd4 22.Bxh6 Rxh6 23.Nb7 Qb6
24.Nxd8 Kxd8 25.Qd3 Ne7 26.Nb3 Nc6 27.Rxc6 Qxc6 28.Nxd4 Qc4 29.Nc6+ Ke8 30.Qd8+ Kf7
31.Ra7+ Kg6 32.Ne7+ Kh7 33.Nd5+  1-0

[Event "34th Olympiad"]
[Site "Istanbul TUR"]
[Date "2000.10.29"]
[Round "2"]
[White "Rossi,C"]
[Black "Sakaev,K"]
[Result "0-1"]
[WhiteElo "2436"]
[BlackElo "2627"]

1.e4 c5 2.Nf3 Nc6 3.Bb5 e6 4.O-O Nge7 5.c3 a6 6.Ba4 b5 7.Bc2 Bb7 8.Re1 Rc8
9.a3 c4 10.d4 cxd3 11.Qxd3 Ng6 12.Nbd2 Be7 13.Nf1 O-O 14.Ng3 Qc7 15.e5 Na5
16.Ne4 Nc4 17.Neg5 Qc6 18.h4 Bxg5 19.hxg5 Rfd8 20.Qd4 Qc5 21.Qd3 Bxf3 22.Qxf3 Ncxe5
23.Qh5 Nc4 24.b3 Nd6 25.Re3 f5 26.Rh3 Nf8 27.g6 hxg6 28.Qh8+ Kf7 29.Bg5 Re8
30.Rd1 Qc6 31.c4 bxc4 32.bxc4 Nxc4 33.Rd4 d5 34.Qh4 Nd6 35.Ba4 Nb5 36.Rb4 e5
37.g4 e4 38.Bb3 a5 39.Ra4 Ra8 40.gxf5 gxf5 41.Qh5+ Ng6 42.Qd1 Re5 43.Qd2 Qe6
44.Bf4 Nxf4 45.Qxf4 Nd6 46.Rc3 Kg8 47.Ba2 Nf7 48.Rc5 Rd8 49.Raxa5 e3 50.fxe3 Rxe3
51.Rc2 Re1+ 52.Kf2 Rh1 53.Kg2 Qe1 54.Rxd5 Qg1+ 55.Kf3 Rxd5  0-1

[Event "34th Olympiad"]
[Site "Istanbul TUR"]
[Date "2000.10.29"]
[Round "2"]
[White "Spraggett,K"]
[Black "Sturua,Z"]
[Result "1/2-1/2"]
[WhiteElo "2501"]
[BlackElo "2594"]

1.e4 c5 2.Nf3 Nc6 3.Bb5 g6 4.Bxc6 dxc6 5.d3 Bg7 6.h3 b6 7.Nc3 Nh6 8.Be3 f6
9.Qd2 Nf7 10.Nh2 e5 11.f4 exf4 12.Bxf4 f5 13.exf5 Bxf5 14.O-O O-O 15.Nf3 Qd7
16.Rae1 Rae8 17.Kh2 Be6 18.b3 Bd5 19.Nxd5 cxd5 20.Rxe8 Rxe8 21.Re1 Bf6 22.Rxe8+ Qxe8
23.Bg3 Kg7 24.Qf4 Qc8 25.c4 dxc4 26.dxc4 h5 27.Qe4 g5 28.Ne5 Nxe5 29.Bxe5 Qd7
30.Bxf6+  1/2-1/2

[Event "34th Olympiad"]
[Site "Istanbul TUR"]
[Date "2000.10.29"]
[Round "2"]
[White "Georgiev,Kr"]
[Black "Grigore,G"]
[Result "1/2-1/2"]
[WhiteElo "2532"]
[BlackElo "2508"]

1.e4 c5 2.Nf3 Nc6 3.Bb5 g6 4.c3 Bg7 5.d4 Qa5 6.Bxc6 dxc6 7.O-O cxd4 8.cxd4 Bg4
9.Be3 Nf6 10.Nbd2 O-O 11.Qc2 Nd7 12.Rfd1 e5 13.h3 exd4 14.Bxd4 Bxf3 15.Nxf3 Rad8
16.b4 Qc7 17.Bxg7 Kxg7 18.Qc3+ Kg8 19.b5 Rde8 20.Rac1 Rxe4 21.bxc6 bxc6 22.Qxc6 Qxc6
23.Rxc6 Ne5  1/2-1/2

[Event "34th Olympiad"]
[Site "Istanbul TUR"]
[Date "2000.10.29"]
[Round "2"]
[White "Spraggett,K"]
[Black "Sturua,Z"]
[Result "1/2-1/2"]
[WhiteElo "2501"]
[BlackElo "2594"]

1.e4 c5 2.Nf3 Nc6 3.Bb5 g6 4.Bxc6 dxc6 5.d3 Bg7 6.h3 b6 7.Nc3 Nh6 8.Be3 f6
9.Qd2 Nf7 10.Nh2 e5 11.Bf4 Bf5 12.O-O O-O 13.Nf3 Qd7 14.Rae1 Rae8 15.Kh2 Be6
16.b3 exf4 17.Qxf4 Qc8 18.Nd5 cxd5 19.c4 dxc4 20.dxc4 h5 21.Ng5 Qd7  1/2-1/2

[Event "34th Olympiad"]
[Site "Istanbul TUR"]
[Date "2000.10.30"]
[Round "3"]
[White "Ovalle,R"]
[Black "Atakisi,U"]
[Result "0-1"]
[WhiteElo "2151"]
[BlackElo "2258"]

1.e4 c5 2.Nf3 Nc6 3.Bb5 d6 4.O-O Bd7 5.Re1 Nf6 6.c3 a6 7.Bf1 Bg4 8.d4 cxd4
9.cxd4 d5 10.e5 Ne4 11.Nc3 Nxc3 12.bxc3 e6 13.Bd2 Be7 14.Bd3 Bh5 15.Kh1 O-O
16.Re3 Bg6 17.Ng1 Na5 18.Bxg6 hxg6 19.Rh3 Rc8 20.Qc1 Nc4 21.Bh6 f6 22.exf6 Bxf6
23.Be3 Nd6 24.Qb1 Qe8 25.Qd3 Ne4 26.Rc1 Bg5 27.Rc2 Bxe3 28.Qxe3 Qa4 29.Rh8+ Kf7
30.Rxf8+ Kxf8 31.Rc1 Qxa2 32.Nh3 Qd2 33.Qf3+ Ke7 34.Rb1 b5 35.Nf4 Qxf2 36.Qg4 Rc6
37.Nxg6+ Kd6 38.Nf4 Qe1+ 39.Rxe1 Nf2+ 40.Kg1 Nxg4 41.Rxe6+ Kd7 42.Re1 Nf6
43.Ra1 Rxc3 44.Rxa6 b4 45.Rb6 b3 46.Kf1 Ne4 47.Nxd5 Rc2 48.Ne3 Ra2 49.Nc4 Ra4
50.Rxb3 Rxc4 51.Ke2 Nd6 52.Kd3 Ra4 53.g4 Ra2 54.Rb8 Rxh2 55.d5 Rh3+ 56.Ke2 Rg3
57.Rb4 Ke7 58.Ra4 Kf6 59.Ra6 Ke5 60.Ra4 g5 61.Kf2 Rd3 62.Ke2 Rd4 63.Ra5 Rxg4
64.Kf3 Rd4 65.Ra6 g4+ 66.Kg3 Nf5+ 67.Kg2 Rd2+ 68.Kg1 Rxd5 69.Rg6 Kf4 70.Kg2 Nh4+  0-1

[Event "34th Olympiad"]
[Site "Istanbul TUR"]
[Date "2000.10.31"]
[Round "4"]
[White "Guillen Ramirez,J"]
[Black "Nilssen,J"]
[Result "1-0"]
[WhiteElo "2281"]
[BlackElo "2354"]

1.e4 c5 2.Nf3 Nc6 3.Bb5 g6 4.O-O Bg7 5.Qe2 Nf6 6.e5 Nd5 7.Qc4 Qb6 8.Qxd5 Qxb5
9.Na3 Nb4 10.Qe4 Qc6 11.Qh4 f6 12.d4 Na6 13.Bh6 O-O 14.Rfe1 Rf7 15.Rad1 Nc7
16.c4 d5 17.exd6 exd6 18.dxc5 Qxc5 19.Nb5 g5 20.Qh5 g4 21.Qxc5 dxc5 22.Rd8+  1-0

[Event "34th Olympiad"]
[Site "Istanbul TUR"]
[Date "2000.10.31"]
[Round "4"]
[White "Oral,T"]
[Black "Grigore,G"]
[Result "1/2-1/2"]
[WhiteElo "2531"]
[BlackElo "2508"]

1.e4 c5 2.Nf3 Nc6 3.Bb5 g6 4.O-O Bg7 5.c3 Nf6 6.Re1 O-O 7.d4 d5 8.e5 Ne4
9.Bxc6 bxc6 10.Nbd2 cxd4 11.cxd4 Bf5 12.Nh4 c5 13.Nxf5 gxf5 14.Qh5 cxd4 15.Qxf5 e6
16.Qf4 f5 17.f3 Nxd2 18.Bxd2 Qb6 19.a3 a5 20.b4 a4 21.Rac1 Rfc8  1/2-1/2

[Event "Chigorin Mem"]
[Site "St Petersburg RUS"]
[Date "2000.10.31"]
[Round "1"]
[White "Brodsky,M"]
[Black "Bogachkov,I"]
[Result "1/2-1/2"]
[WhiteElo "2532"]
[BlackElo "2328"]

1.e4 c5 2.Nf3 Nc6 3.Bb5 g6 4.Bxc6 dxc6 5.d3 Bg7 6.h3 Nf6 7.Nc3 O-O 8.Be3 Nd7
9.Qd2 e5 10.Bh6 Bxh6 11.Qxh6 f6 12.O-O-O Rf7 13.Qe3 b6 14.Nh2 Nf8 15.f4 exf4
16.Qxf4 Ne6 17.Qe3 Nd4 18.Nf3 Be6 19.Rhf1 Nxf3 20.Rxf3 Qd4 21.Qe1 Rd8 22.Kb1 Kg7
23.Ne2 Qe5 24.Re3 Rfd7 25.Ng1 Bg8 26.Nf3 Qe6 27.b3 a5 28.Qc3 a4 29.Rd2 axb3
30.cxb3 h6 31.g4 Kh7 32.Re1 Qe7 33.h4 Be6 34.g5 fxg5 35.hxg5 h5 36.Ne5 Rc7
37.Rg1 Rf8 38.d4 cxd4 39.Qxd4 c5 40.Qd6 b5 41.Rc1  1/2-1/2

[Event "Chigorin Mem"]
[Site "St Petersburg RUS"]
[Date "2000.10.31"]
[Round "1"]
[White "Voitsekhovsky,S"]
[Black "Farakhov,R"]
[Result "1-0"]
[WhiteElo "2516"]
[BlackElo "2288"]

1.e4 c5 2.Nf3 Nc6 3.Bb5 g6 4.O-O Bg7 5.c3 Nf6 6.Re1 O-O 7.h3 a6 8.Bxc6 dxc6
9.d4 cxd4 10.cxd4 e5 11.Bg5 Qb6 12.dxe5 Nd7 13.Nbd2 Nxe5 14.Nxe5 Bxe5 15.Nc4 Qc7
16.Nxe5 Qxe5 17.Qd2 Be6 18.b3 a5 19.Be7 Rfe8 20.f4 Qc7 21.Bf6 Qb6+ 22.Kh1 Rad8
23.Bxd8 Rxd8 24.Qc3 Qf2 25.Rad1 Re8 26.f5 gxf5 27.exf5 Qxf5 28.Rd3 Qf2 29.Rf3  1-0

[Event "Chigorin Mem"]
[Site "St Petersburg RUS"]
[Date "2000.10.31"]
[Round "1"]
[White "Polovnikova,E"]
[Black "Aseev,K"]
[Result "0-1"]
[WhiteElo "2386"]
[BlackElo "2554"]

1.e4 c5 2.Nf3 Nc6 3.Bb5 d6 4.d4 cxd4 5.Qxd4 Bd7 6.Bxc6 Bxc6 7.Nc3 Nf6 8.Bg5 e6
9.O-O-O Be7 10.Rhe1 O-O 11.Qd2 Rc8 12.Nd4 a6 13.f3 b5 14.Nce2 Bb7 15.g4 Nd7
16.Bxe7 Qxe7 17.Ng3 Ne5 18.f4 Nxg4 19.Rg1 Nf6 20.Qe2 Kh8 21.e5 dxe5 22.fxe5 Nd7
23.Qe3 Qc5 24.Rde1 Rfd8 25.Nh5 Nxe5 26.Rxg7 Rxd4  0-1

[Event "Chigorin Mem"]
[Site "St Petersburg RUS"]
[Date "2000.10.31"]
[Round "1"]
[White "Zavgorodniy,S"]
[Black "Vokarev,S"]
[Result "0-1"]
[WhiteElo "2225"]
[BlackElo "2469"]

1.e4 c5 2.Nf3 Nc6 3.Bb5 g6 4.O-O Bg7 5.Re1 Nf6 6.e5 Nd5 7.Nc3 Nc7 8.Bxc6 dxc6
9.d3 Bg4 10.h3 Bxf3 11.Qxf3 Ne6 12.Re4 Qc7 13.Bf4 O-O 14.Qe3 Rfd8 15.Re1 Rd4
16.Bg3 Rad8 17.a3 Rxe4 18.Nxe4 Qb6 19.Qc1 Qa5 20.Nc3 Qc7 21.Qe3 Qd7 22.Ne4 b6
23.f4 Qd4 24.Qxd4 Nxd4 25.c3 Nf5 26.Bf2 Rxd3 27.g4 Nh6 28.Kg2 Rd8 29.a4 f5
30.exf6 exf6 31.Bh4 Kf7 32.a5 Ng8 33.axb6 axb6 34.Ra1 Ke6 35.Ra7 Rd7 36.Ra6 Rb7
37.Kf3 Ne7 38.c4 h6 39.Nc3 Nc8 40.Ra8 Kd7 41.Na4 f5 42.Bf2 Kc7 43.Ke2 Bf8
44.Be3 Rb8 45.Rxb8 Kxb8 46.Nc3 Bg7 47.Nd1 Kc7 48.Bd2 Nd6 49.b3 Kd7 50.Bc3 Bxc3
51.Nxc3 b5 52.Kd3 Ke6 53.Nd1 fxg4 54.hxg4 h5 55.f5+ gxf5 56.gxh5 Kf6 57.Ke3 Kg5
58.h6 Kxh6 59.Kf4 bxc4 60.bxc4 Kg6 61.Nb2 Kf6 62.Kf3 Ne4 63.Kf4 Ng5 64.Nd3 Ne6+
65.Kf3 Ke7 66.Ne5 Kd6 67.Nf7+ Kc7 68.Ne5 Kd6 69.Nf7+ Ke7 70.Ne5 Kf6 71.Nd3 Kg5
72.Ne5 Nd4+ 73.Kg3 f4+ 74.Kf2 Kf5 75.Nd7 Nb3 76.Nb8 Na5 77.Nd7 Nxc4 78.Nxc5 Ne5  0-1

[Event "34th Olympiad"]
[Site "Istanbul TUR"]
[Date "2000.11.01"]
[Round "5"]
[White "Vidarsson,J"]
[Black "Daoud Mod,R"]
[Result "1-0"]
[WhiteElo "2369"]
[BlackElo "2143"]

1.e4 c5 2.Nf3 Nc6 3.Bb5 g6 4.h4 h5 5.c3 a6 6.Bxc6 dxc6 7.d4 cxd4 8.Qxd4 Qxd4
9.cxd4 Nf6 10.Nc3 Bg7 11.Bg5 Nh7 12.Bf4 Bg4 13.Ne5 Bxe5 14.Bxe5 f6 15.Bc7 Rc8
16.Bb6 Nf8 17.a4 Nd7 18.a5 Nxb6 19.axb6 Rd8 20.f3 Be6 21.Rd1 Kf7 22.Rd2 Rd6
23.e5 Rd7 24.Ne4 Rhd8 25.Nc5 Rxd4 26.Rxd4 Rxd4 27.Nxb7 Rb4 28.Nd8+ Ke8 29.Nxe6 Rxb2
30.O-O Rxb6 31.Ra1 fxe5 32.Rxa6 Rxa6 33.Nc7+ Kd7 34.Nxa6 Kd6 35.Kf2 Kd5 36.Ke3 c5
37.Nc7+ Kc6 38.Ne6 Kd5  1-0

[Event "Chigorin Mem"]
[Site "St Petersburg RUS"]
[Date "2000.11.01"]
[Round "2"]
[White "Kholmov,R"]
[Black "Neverov,V"]
[Result "1/2-1/2"]
[WhiteElo "2415"]
[BlackElo "2547"]

1.e4 c5 2.Nf3 Nc6 3.Bb5 e6 4.Bxc6 bxc6 5.d3 Ne7 6.O-O Ng6 7.Re1 Be7 8.Nbd2 O-O
9.Nf1 e5 10.h3 d6 11.Ng3 f5 12.Nxf5 Bxf5 13.exf5 Rxf5 14.c3 Qd7 15.Be3 Raf8
16.Nh2 d5 17.f3 Bd6 18.Qe2 h5 19.Rad1 Nf4 20.Bxf4 Rxf4 21.b3 Qf7 22.Kh1 Qg6
23.Rg1 Kh8 24.g3 R4f5 25.h4 Bc7 26.Rg2 R5f7 27.a3 Qf5 28.Rgg1 Ba5 29.b4 Bb6
30.Rge1 Re7 31.Qd2 Rfe8 32.Rf1 a5 33.Kg2 cxb4 34.cxb4 axb4 35.axb4 Ra7 36.Rc1 Qg6
37.Rc2 Ra3 38.Qg5 Re6 39.Qxg6 Rxg6 40.Rfc1 Rxd3 41.Rxc6 Rd2+ 42.Kh3 Rxc6
43.Rxc6 Bg1 44.Nf1 Rb2 45.Re6 e4 46.fxe4 Rf2 47.exd5 Rxf1 48.Re5 Kg8 49.Rxh5 Rb1
50.Rf5 Rxb4 51.g4 Kh7 52.Rh5+ Kg6 53.Rg5+ Kf6 54.Rf5+ Ke7 55.g5 Bd4 56.h5 Kd6
57.Rf8 Kxd5 58.h6 gxh6 59.gxh6 Rb6 60.Rf5+ Ke4 61.Rh5 Rb1 62.h7 Kf4 63.Kg2 Rb2+
64.Kf1 Rb8 65.Ke2 Bg7 66.Kd3 Re8 67.Kc4 Kg4 68.Rh1 Kg5 69.Kd5 Kg6 70.Kd6 Bh6
71.Kd7 Rh8 72.Rg1+ Bg5 73.Rh1 Bh6 74.Rg1+ Kxh7 75.Ke7 Rf8 76.Ke6 Bg7 77.Rg5 Rf6+
78.Ke7 Kg8 79.Rb5 Rf1 80.Ke6 Re1+ 81.Kf5 Re7 82.Kg6 Re6+ 83.Kf5 Rf6+ 84.Kg5 Kh7
85.Rb7 Rf1 86.Rd7 Ra1 87.Rd5 Rg1+ 88.Kh5 Bf6 89.Rd7+ Kg8 90.Rb7 Kf8 91.Rb5 Kf7
92.Rf5 Ke6 93.Rf4 Be5 94.Rg4 Rf1 95.Kg6 Rf8 96.Kg5 Rg8+ 97.Kh5 Rh8+ 98.Kg6  1/2-1/2

[Event "34th Olympiad"]
[Site "Istanbul TUR"]
[Date "2000.11.02"]
[Round "6"]
[White "Li Ying,P"]
[Black "Corbin,P"]
[Result "0-1"]
[WhiteElo "2090"]
[BlackElo "2246"]

1.e4 c5 2.Nf3 Nc6 3.Bb5 g6 4.O-O Bg7 5.d3 Nf6 6.Nc3 O-O 7.e5 Ng4 8.Bxc6 bxc6
9.Bf4 Qb6 10.Qd2 f6 11.exf6 Nxf6 12.Rab1 d6 13.Bh6 Bg4 14.Bxg7 Kxg7 15.Qe3 e5
16.Ng5 Nh5 17.Nge4 Qc7 18.b4 d5 19.Nxc5 Nf4 20.Qg3 h5 21.h3 Bf5 22.Rfe1 Kh6
23.h4 Rae8 24.Ne2 Bg4 25.Qe3 Bxe2 26.Rxe2 Kh7 27.Ree1 Qc8 28.Qg3 Rf5 29.Qh2 g5
30.g3 Ng6 31.hxg5 Rxg5 32.d4 e4 33.b5 Qg4 34.bxc6 Nh4 35.Re3 Nf3+ 36.Rxf3 exf3
37.c7 Qxd4 38.c8=Q Rxc8 39.Ne6 Qe5 40.Nxg5+ Qxg5 41.Qh3 Qg4 42.Qf1 Rxc2 43.Qd3+ Qe4
44.Rb7+ Kg8 45.Rb8+ Kf7 46.Rb7+ Kf6 47.Qa6+ Qe6 48.Qa5 Rc1+  0-1

[Event "34th Olympiad"]
[Site "Istanbul TUR"]
[Date "2000.11.02"]
[Round "6"]
[White "Soylu,S"]
[Black "Pitterson,J"]
[Result "1-0"]
[WhiteElo "2345"]
[BlackElo "2262"]

1.e4 c5 2.Nf3 Nc6 3.Bb5 e6 4.O-O Nge7 5.Re1 a6 6.Bxc6 Nxc6 7.d4 cxd4 8.Nxd4 Nxd4
9.Qxd4 f6 10.Nc3 Be7 11.a4 b6 12.Bf4 Bb7 13.Bd6 Bxd6 14.Qxd6 Rc8 15.Rad1 Qc7
16.Qd4 Rd8 17.Re3 O-O 18.Qd6 Qc6 19.f3 Qc5 20.Rd3 f5 21.b4 Qc6 22.b5 axb5
23.axb5 Qc5 24.Qxc5 bxc5 25.exf5 exf5 26.Rd6 c4 27.Na4 Rf7 28.Nc5 Ba8 29.Rc3 Rb8
30.Ra3 Rd8 31.Ra4 g6 32.Rxc4 Kg7 33.Ne6+ dxe6 34.Rxd8 Bd5 35.Rc5  1-0